| 000 | 00000nam 2200000za 4500 |
| 001 | 9.644107 |
| 003 | CaOODSP |
| 005 | 20230817095704 |
| 007 | cr ||||||||||| |
| 008 | 150407|2013||||xxc|||||o f|0| 0 fre d |
| 040 | |aCaOODSP|bfre |
| 043 | |an-cn--- |
| 086 | 1 |aNH15-114/2013F-PDF |
| 110 | 2 |aSociété canadienne d'hypothèques et de logement. |
| 245 | 10|aL'achat d'une maison étape par étape : |h[ressource électronique]|bguide à l’intention des consommateurs |
| 260 | |aOttawa - Ontario : |bSociété canadienne d'hypothèques et de logement |c2013. |
| 300 | |a72p.|btableaux, photographies |
| 500 | |aLe n° de catalogue (NH15-114/2004F) et ISBN (0-662-78467-7) imprimés dans cette publication sont incorrects. |
| 590 | |a15-01|b2015-01-02 |
| 775 | 08|tHomebuying step by step : |w(CaOODSP)9.700203 |
| 795 | |tL'achat d'une maison étape par étape : |w(CaOODSP)9.639038 |
| 856 | 40|ahttp://publications.gc.ca|qPDF|s7378 Ko|uhttps://publications.gc.ca/collections/collection_2014/schl-cmhc/NH15-114-2013-fra.pdf |